000 00484nam a2200181Ia 4500
005 20250326130352.0
008 250326s9999 xx 000 0 und d
037 _aTextbook
040 _aFMSL
_beng
_cFMSL
041 _aeng
_2eng
084 _aX:74.1 L2
_qFMSL
100 _aFarmer R N
_9736734
245 0 _aReadings in international business
_cFarmer R N
260 _aNd
_bNd, Duck
_c1972
300 _a521p
942 _cTB
_hX:74.1 L2
999 _c1282173
_d1282173